000 00240nam a22001217a 4500
003 SGT
082 _a616.857
_bMAH
100 _aMAHESHWARI M.C
245 _aHEADACHE
260 _aINDIA
_bNBTA PUB
_c2017
300 _a88
942 _2ddc
_cBK
999 _c33764
_d33764